[Event "English Open Championship 2024"]
[Site "Holiday Inn, 212 Abbey End, Kenilworth CV8 1ED, United Kingdom"]
[Date "2024.06.22"]
[Round "6.1"]
[White "Badacsonyi, Stanley"]
[Black "Adams, Michael"]
[Result "0-1"]
[TimeControl "G90 + 30secs/move"]
[WhiteFideId "486973"]
[BlackFideId "400041"]
[WhiteElo "2132"]
[BlackElo "2670"]

1. Nf3 {[%clk 01:30:58]} {[%emt 00:00:01]} d5 {[%clk 01:30:38]} {[%emt
00:00:22]} 2. g3 {[%clk 01:31:23]} {[%emt 00:00:05]} Nf6 {[%clk 01:29:49]}
{[%emt 00:01:19]} 3. Bg2 {[%clk 01:31:43]} {[%emt 00:00:11]} c6 {[%clk
01:28:28]} {[%emt 00:01:50]} 4. O-O {[%clk 01:31:49]} {[%emt 00:00:24]} Bg4
{[%clk 01:28:50]} {[%emt 00:00:08]} 5. d3 {[%clk 01:32:03]} {[%emt 00:00:16]}
e6 {[%clk 01:29:09]} {[%emt 00:00:11]} 6. c4 {[%clk 01:30:32]} {[%emt
00:02:01]} Nbd7 {[%clk 01:27:49]} {[%emt 00:01:50]} 7. Nc3 {[%clk 01:28:03]}
{[%emt 00:03:00]} Bc5 {[%clk 01:25:20]} {[%emt 00:02:59]} 8. b3 {[%clk
01:25:43]} {[%emt 00:02:50]} O-O {[%clk 01:25:06]} {[%emt 00:00:44]} 9. Bb2
{[%clk 01:25:56]} {[%emt 00:00:17]} Re8 {[%clk 01:24:39]} {[%emt 00:00:57]} 10.
Qc2 {[%clk 01:22:20]} {[%emt 00:04:05]} Qe7 {[%clk 01:20:33]} {[%emt 00:04:36]}
11. Rad1 {[%clk 01:20:37]} {[%emt 00:02:13]} Rad8 {[%clk 01:19:23]} {[%emt
00:01:40]} 12. d4 {[%clk 01:19:59]} {[%emt 00:01:08]} Bb4 {[%clk 01:17:58]}
{[%emt 00:01:56]} 13. Rfe1 {[%clk 01:17:12]} {[%emt 00:03:17]} Bh5 {[%clk
01:12:15]} {[%emt 00:06:12]} 14. Nd2 {[%clk 01:11:12]} {[%emt 00:06:30]} e5
{[%clk 01:03:08]} {[%emt 00:09:37]} 15. dxe5 {[%clk 01:04:20]} {[%emt
00:07:21]} Nxe5 {[%clk 01:02:58]} {[%emt 00:00:41]} 16. cxd5 {[%clk 00:55:08]}
{[%emt 00:09:42]} cxd5 {[%clk 01:02:16]} {[%emt 00:01:12]} 17. Nb5 {[%clk
00:55:09]} {[%emt 00:00:29]} Rc8 {[%clk 00:49:56]} {[%emt 00:12:50]} 18. Qf5
{[%clk 00:50:06]} {[%emt 00:05:33]} a6 {[%clk 00:41:25]} {[%emt 00:09:02]} 19.
Bxe5 {[%clk 00:42:41]} {[%emt 00:07:54]} Qxe5 {[%clk 00:40:46]} {[%emt
00:01:08]} 20. Qxe5 {[%clk 00:42:58]} {[%emt 00:00:14]} Rxe5 {[%clk 00:41:11]}
{[%emt 00:00:05]} 21. Nd4 {[%clk 00:43:18]} {[%emt 00:00:10]} Bc3 {[%clk
00:36:57]} {[%emt 00:04:44]} 22. N2f3 {[%clk 00:36:34]} {[%emt 00:07:14]} Bxf3
{[%clk 00:36:03]} {[%emt 00:01:25]} 23. Nxf3 {[%clk 00:36:51]} {[%emt
00:00:12]} Ree8 {[%clk 00:36:26]} {[%emt 00:00:07]} 24. Nd2 {[%clk 00:37:02]}
{[%emt 00:00:19]} Bb4 {[%clk 00:31:47]} {[%emt 00:05:09]} 25. a3 {[%clk
00:35:58]} {[%emt 00:01:34]} Bxa3 {[%clk 00:31:58]} {[%emt 00:00:20]} 26. e4
{[%clk 00:36:18]} {[%emt 00:00:09]} Bb4 {[%clk 00:27:42]} {[%emt 00:04:47]} 27.
e5 {[%clk 00:35:31]} {[%emt 00:01:16]} Ng4 {[%clk 00:25:34]} {[%emt 00:02:37]}
28. Rf1 {[%clk 00:31:56]} {[%emt 00:04:06]} Rcd8 {[%clk 00:19:31]} {[%emt
00:06:33]} 29. Nf3 {[%clk 00:31:32]} {[%emt 00:00:54]} Nxe5 {[%clk 00:19:49]}
{[%emt 00:00:12]} 30. Nxe5 {[%clk 00:31:28]} {[%emt 00:00:34]} Rxe5 {[%clk
00:20:17]} {[%emt 00:00:02]} 31. f4 {[%clk 00:31:51]} {[%emt 00:00:07]} Re7
{[%clk 00:15:29]} {[%emt 00:05:18]} 32. Rxd5 {[%clk 00:32:09]} {[%emt
00:00:12]} Rxd5 {[%clk 00:14:37]} {[%emt 00:01:22]} 33. Bxd5 {[%clk 00:32:34]}
{[%emt 00:00:05]} Rc7 {[%clk 00:14:35]} {[%emt 00:00:31]} 34. Kg2 {[%clk
00:31:39]} {[%emt 00:01:26]} Kf8 {[%clk 00:15:00]} {[%emt 00:00:05]} 35. Rf2
{[%clk 00:31:15]} {[%emt 00:00:54]} b5 {[%clk 00:13:51]} {[%emt 00:01:39]} 36.
Re2 {[%clk 00:29:59]} {[%emt 00:01:46]} Rc3 {[%clk 00:13:01]} {[%emt 00:01:20]}
37. Re5 {[%clk 00:25:57]} {[%emt 00:04:32]} Bd6 {[%clk 00:12:04]} {[%emt
00:01:27]} 38. Rf5 {[%clk 00:26:05]} {[%emt 00:00:22]} Rc7 {[%clk 00:12:14]}
{[%emt 00:00:20]} 39. Be4 {[%clk 00:25:23]} {[%emt 00:01:13]} Ke7 {[%clk
00:11:57]} {[%emt 00:00:46]} 40. Rd5 {[%clk 00:25:28]} {[%emt 00:00:24]} g6
{[%clk 00:12:06]} {[%emt 00:00:21]} 41. Rd3 {[%clk 00:25:22]} {[%emt 00:00:36]}
f5 {[%clk 00:10:14]} {[%emt 00:02:22]} 42. Bd5 {[%clk 00:25:38]} {[%emt
00:00:15]} Rc2+ {[%clk 00:10:12]} {[%emt 00:00:31]} 43. Kh1 {[%clk 00:24:57]}
{[%emt 00:01:11]} Rc1+ {[%clk 00:10:37]} {[%emt 00:00:06]} 44. Kg2 {[%clk
00:25:22]} {[%emt 00:00:05]} Rc2+ {[%clk 00:11:05]} {[%emt 00:00:03]} 45. Kh1
{[%clk 00:25:41]} {[%emt 00:00:10]} a5 {[%clk 00:07:06]} {[%emt 00:04:29]} 46.
Re3+ {[%clk 00:24:51]} {[%emt 00:01:20]} Kd8 {[%clk 00:06:01]} {[%emt
00:01:35]} 47. Re6 {[%clk 00:23:48]} {[%emt 00:01:33]} Kd7 {[%clk 00:03:36]}
{[%emt 00:02:55]} 48. Re1 {[%clk 00:20:54]} {[%emt 00:03:24]} Bb4 {[%clk
00:01:54]} {[%emt 00:02:12]} 49. Rd1 {[%clk 00:20:18]} {[%emt 00:01:06]} Ke7
{[%clk 00:02:17]} {[%emt 00:00:07]} 50. Bg8 {[%clk 00:19:44]} {[%emt 00:01:03]}
h6 {[%clk 00:02:44]} {[%emt 00:00:03]} 51. Rd5 {[%clk 00:17:09]} {[%emt
00:03:05]} Bc5 {[%clk 00:03:03]} {[%emt 00:00:12]} 52. Re5+ {[%clk 00:17:26]}
{[%emt 00:00:13]} Kf8 {[%clk 00:03:13]} {[%emt 00:00:20]} 53. Bd5 {[%clk
00:17:44]} {[%emt 00:00:12]} Be7 {[%clk 00:02:22]} {[%emt 00:01:21]} 54. Re6
{[%clk 00:16:17]} {[%emt 00:01:56]} Rc5 {[%clk 00:02:07]} {[%emt 00:00:45]} 55.
Bf3 {[%clk 00:16:41]} {[%emt 00:00:07]} Rc3 {[%clk 00:02:17]} {[%emt 00:00:20]}
56. Bd5 {[%clk 00:17:06]} {[%emt 00:00:05]} Rd3 {[%clk 00:02:40]} {[%emt
00:00:07]} 57. Bc6 {[%clk 00:16:38]} {[%emt 00:00:58]} Rxb3 {[%clk 00:02:01]}
{[%emt 00:01:09]} 58. Re5 {[%clk 00:16:59]} {[%emt 00:00:09]} Rb1+ {[%clk
00:02:13]} {[%emt 00:00:18]} 59. Kg2 {[%clk 00:17:23]} {[%emt 00:00:06]} Rb2+
{[%clk 00:02:42]} {[%emt 00:00:02]} 60. Kh3 {[%clk 00:16:58]} {[%emt 00:00:55]}
a4 {[%clk 00:02:58]} {[%emt 00:00:14]} 61. Bxb5 {[%clk 00:17:15]} {[%emt
00:00:12]} a3 {[%clk 00:02:58]} {[%emt 00:00:30]} 62. Bc4 {[%clk 00:17:42]}
{[%emt 00:00:05]} Rc2 {[%clk 00:02:42]} {[%emt 00:00:45]} 63. Bb3 {[%clk
00:17:56]} {[%emt 00:00:16]} Rb2 {[%clk 00:02:08]} {[%emt 00:01:04]} 64. Bc4
{[%clk 00:18:13]} {[%emt 00:00:13]} Rc2 {[%clk 00:01:52]} {[%emt 00:00:46]} 65.
Bb3 {[%clk 00:18:21]} {[%emt 00:00:22]} Rc3 {[%clk 00:02:18]} {[%emt 00:00:04]}
66. Ba2 {[%clk 00:18:41]} {[%emt 00:00:10]} Rc7 {[%clk 00:02:37]} {[%emt
00:00:11]} 67. Bb3 {[%clk 00:18:50]} {[%emt 00:00:21]} Kg7 {[%clk 00:03:02]}
{[%emt 00:00:05]} 68. Ba2 {[%clk 00:19:08]} {[%emt 00:00:12]} Bc5 {[%clk
00:03:20]} {[%emt 00:00:12]} 69. Bb3 {[%clk 00:19:09]} {[%emt 00:00:29]} h5
{[%clk 00:03:31]} {[%emt 00:00:19]} 70. Kg2 {[%clk 00:18:50]} {[%emt 00:00:48]}
Rb7 {[%clk 00:03:41]} {[%emt 00:00:21]} 71. Bc4 {[%clk 00:18:56]} {[%emt
00:00:24]} Rb2+ {[%clk 00:03:50]} {[%emt 00:00:21]} 72. Kh1 {[%clk 00:18:59]}
{[%emt 00:00:27]} Rb1+ {[%clk 00:04:14]} {[%emt 00:00:06]} 73. Kg2 {[%clk
00:19:24]} {[%emt 00:00:04]} Rb2+ {[%clk 00:04:38]} {[%emt 00:00:06]} 74. Kh1
{[%clk 00:19:44]} {[%emt 00:00:10]} Rc2 {[%clk 00:03:07]} {[%emt 00:02:00]} 75.
Bb3 {[%clk 00:19:01]} {[%emt 00:01:13]} Rc3 {[%clk 00:03:22]} {[%emt 00:00:15]}
76. Be6 {[%clk 00:19:21]} {[%emt 00:00:10]} Rc1+ {[%clk 00:03:42]} {[%emt
00:00:10]} 77. Kg2 {[%clk 00:19:47]} {[%emt 00:00:05]} Rc2+ {[%clk 00:04:00]}
{[%emt 00:00:12]} 78. Kh1 {[%clk 00:20:08]} {[%emt 00:00:08]} h4 {[%clk
00:03:48]} {[%emt 00:00:42]} 79. gxh4 {[%clk 00:20:13]} {[%emt 00:00:25]} Bd6
{[%clk 00:04:06]} {[%emt 00:00:13]} 80. Ra5 {[%clk 00:20:26]} {[%emt 00:00:16]}
Bxf4 {[%clk 00:04:05]} {[%emt 00:00:31]} 81. Rxa3 {[%clk 00:20:02]} {[%emt
00:00:54]} Rxh2+ {[%clk 00:04:33]} {[%emt 00:00:03]} 82. Kg1 {[%clk 00:20:20]}
{[%emt 00:00:12]} Rxh4 {[%clk 00:05:01]} {[%emt 00:00:01]} 83. Ra6 {[%clk
00:20:43]} {[%emt 00:00:07]} Rh3 {[%clk 00:04:36]} {[%emt 00:00:56]} 84. Kg2
{[%clk 00:21:00]} {[%emt 00:00:13]} Re3 {[%clk 00:05:00]} {[%emt 00:00:05]} 85.
Bd5 {[%clk 00:21:21]} {[%emt 00:00:09]} Re5 {[%clk 00:05:02]} {[%emt 00:00:28]}
86. Bc4 {[%clk 00:21:32]} {[%emt 00:00:19]} Re7 {[%clk 00:04:57]} {[%emt
00:00:35]} 87. Kf3 {[%clk 00:21:47]} {[%emt 00:00:16]} Bg5 {[%clk 00:04:48]}
{[%emt 00:00:39]} 88. Bd5 {[%clk 00:22:10]} {[%emt 00:00:07]} Rd7 {[%clk
00:05:09]} {[%emt 00:00:08]} 89. Bc4 {[%clk 00:22:31]} {[%emt 00:00:09]} Rc7
{[%clk 00:05:04]} {[%emt 00:00:36]} 90. Ra4 {[%clk 00:22:43]} {[%emt 00:00:17]}
Kh6 {[%clk 00:05:25]} {[%emt 00:00:09]} 91. Kg3 {[%clk 00:23:03]} {[%emt
00:00:10]} Bd2 {[%clk 00:05:39]} {[%emt 00:00:17]} 92. Bb5 {[%clk 00:23:10]}
{[%emt 00:00:23]} Kg5 {[%clk 00:05:55]} {[%emt 00:00:13]} 93. Ra6 {[%clk
00:23:32]} {[%emt 00:00:08]} Re7 {[%clk 00:05:29]} {[%emt 00:00:56]} 94. Bc4
{[%clk 00:23:52]} {[%emt 00:00:11]} Bc3 {[%clk 00:03:43]} {[%emt 00:02:16]} 95.
Kf3 {[%clk 00:24:04]} {[%emt 00:00:17]} Rc7 {[%clk 00:03:38]} {[%emt 00:00:35]}
96. Bd5 {[%clk 00:24:25]} {[%emt 00:00:09]} Bd4 {[%clk 00:03:47]} {[%emt
00:00:22]} 97. Bg8 {[%clk 00:24:45]} {[%emt 00:00:10]} Rc3+ {[%clk 00:03:43]}
{[%emt 00:00:33]} 98. Kg2 {[%clk 00:25:08]} {[%emt 00:00:07]} Rc2+ {[%clk
00:03:26]} {[%emt 00:00:48]} 99. Kg3 {[%clk 00:25:12]} {[%emt 00:00:25]} Rc3+
{[%clk 00:03:31]} {[%emt 00:00:26]} 100. Kg2 {[%clk 00:25:33]} {[%emt
00:00:08]} f4 {[%clk 00:03:24]} {[%emt 00:00:37]} 101. Bd5 {[%clk 00:25:40]}
{[%emt 00:00:24]} Kf5 {[%clk 00:02:47]} {[%emt 00:01:06]} 102. Bf3 {[%clk
00:25:35]} {[%emt 00:00:35]} g5 {[%clk 00:02:45]} {[%emt 00:00:33]} 103. Bd1
{[%clk 00:25:48]} {[%emt 00:00:16]} Rg3+ {[%clk 00:02:04]} {[%emt 00:01:11]}
104. Kh2 {[%clk 00:26:07]} {[%emt 00:00:11]} g4 {[%clk 00:02:09]} {[%emt
00:00:25]} 105. Bc2+ {[%clk 00:26:25]} {[%emt 00:00:12]} Kg5 {[%clk 00:02:07]}
{[%emt 00:00:32]} 106. Ra5+ {[%clk 00:25:42]} {[%emt 00:01:13]} Kh4 {[%clk
00:02:29]} {[%emt 00:00:07]} 107. Bg6 {[%clk 00:25:48]} {[%emt 00:00:25]} Rh3+
{[%clk 00:02:53]} {[%emt 00:00:07]} 108. Kg2 {[%clk 00:26:15]} {[%emt
00:00:03]} f3+ {[%clk 00:03:19]} {[%emt 00:00:04]} 0-1

[Event "English Open Championship 2024"]
[Site "Holiday Inn, 212 Abbey End, Kenilworth CV8 1ED, United Kingdom"]
[Date "2024.06.22"]
[Round "6.2"]
[White "Jones, Gawain Cb"]
[Black "Fernandez, Daniel H"]
[Result "1/2-1/2"]
[TimeControl "G90 + 30secs/move"]
[WhiteFideId "409561"]
[BlackFideId "5801605"]
[WhiteElo "2633"]
[BlackElo "2526"]

1. c4 {[%clk 01:30:33]} {[%emt 00:00:25]} c6 {[%clk 01:30:07]} {[%emt
00:00:55]} 2. Nf3 {[%clk 01:30:46]} {[%emt 00:00:17]} d5 {[%clk 01:30:33]}
{[%emt 00:00:04]} 3. g3 {[%clk 01:31:12]} {[%emt 00:00:04]} g6 {[%clk
01:22:37]} {[%emt 00:08:26]} 4. Bg2 {[%clk 01:30:16]} {[%emt 00:01:26]} Bg7
{[%clk 01:23:05]} {[%emt 00:00:02]} 5. O-O {[%clk 01:30:38]} {[%emt 00:00:08]}
Nf6 {[%clk 01:22:38]} {[%emt 00:00:56]} 6. b3 {[%clk 01:30:50]} {[%emt
00:00:18]} O-O {[%clk 01:18:21]} {[%emt 00:04:48]} 7. Bb2 {[%clk 01:31:16]}
{[%emt 00:00:04]} Bg4 {[%clk 01:18:45]} {[%emt 00:00:05]} 8. d3 {[%clk
01:29:56]} {[%emt 00:01:50]} a5 {[%clk 01:12:24]} {[%emt 00:06:52]} 9. Nbd2
{[%clk 01:25:48]} {[%emt 00:04:38]} Nfd7 {[%clk 01:00:47]} {[%emt 00:12:07]} 10.
d4 {[%clk 01:15:45]} {[%emt 00:10:33]} Na6 {[%clk 00:59:51]} {[%emt 00:01:26]}
11. Ne1 {[%clk 01:10:04]} {[%emt 00:06:11]} Nb6 {[%clk 00:44:24]} {[%emt
00:15:57]} 12. cxd5 {[%clk 01:05:53]} {[%emt 00:04:41]} Nxd5 {[%clk 00:44:33]}
{[%emt 00:00:21]} 13. Nd3 {[%clk 01:03:03]} {[%emt 00:03:19]} Nab4 {[%clk
00:34:22]} {[%emt 00:10:41]} 14. Nc4 {[%clk 00:52:57]} {[%emt 00:10:36]} Nxd3
{[%clk 00:24:28]} {[%emt 00:10:24]} 15. Qxd3 {[%clk 00:53:23]} {[%emt
00:00:05]} Nb6 {[%clk 00:24:34]} {[%emt 00:00:23]} 16. Rfd1 {[%clk 00:42:05]}
{[%emt 00:11:48]} Be6 {[%clk 00:17:47]} {[%emt 00:07:17]} 17. Ba3 {[%clk
00:40:01]} {[%emt 00:02:35]} Re8 {[%clk 00:16:01]} {[%emt 00:02:16]} 18. Rab1
{[%clk 00:37:53]} {[%emt 00:02:38]} Qc7 {[%clk 00:10:43]} {[%emt 00:05:47]} 19.
e3 {[%clk 00:36:53]} {[%emt 00:01:30]} Bf5 {[%clk 00:07:28]} {[%emt 00:03:46]}
20. e4 {[%clk 00:36:51]} {[%emt 00:00:31]} Bg4 {[%clk 00:07:43]} {[%emt
00:00:15]} 21. Rd2 {[%clk 00:35:34]} {[%emt 00:01:48]} Rad8 {[%clk 00:07:14]}
{[%emt 00:00:58]} 22. Qe3 {[%clk 00:34:53]} {[%emt 00:01:12]} Nc8 {[%clk
00:05:21]} {[%emt 00:02:22]} 23. Qg5 {[%clk 00:28:40]} {[%emt 00:06:43]} b5
{[%clk 00:03:28]} {[%emt 00:02:23]} 24. Qxg4 {[%clk 00:25:13]} {[%emt
00:03:57]} bxc4 {[%clk 00:03:56]} {[%emt 00:00:02]} 25. Bc5 {[%clk 00:24:32]}
{[%emt 00:01:12]} e5 {[%clk 00:02:34]} {[%emt 00:01:51]} 26. bxc4 {[%clk
00:18:19]} {[%emt 00:06:42]} exd4 {[%emt 00:00:33]} 27. f4 {[%clk 00:18:34]}
Bf8 {[%clk 00:02:46]} {[%emt 00:00:30]} 28. Bxf8 {[%clk 00:18:44]} {[%emt
00:00:20]} Rxf8 {[%clk 00:02:22]} {[%emt 00:00:54]} 29. Qg5 {[%clk 00:15:08]}
{[%emt 00:04:07]} Qa7 {[%clk 00:01:04]} {[%emt 00:01:48]} 30. Rd3 {[%clk
00:13:39]} {[%emt 00:01:58]} Nd6 {[%clk 00:00:50]} {[%emt 00:00:45]} 31. e5
{[%clk 00:10:50]} {[%emt 00:03:19]} Nxc4 {[%clk 00:00:59]} {[%emt 00:00:20]} 32.
f5 {[%clk 00:09:00]} {[%emt 00:02:21]} Nxe5 {[%clk 00:00:56]} {[%emt 00:00:33]}
33. f6 {[%clk 00:09:05]} {[%emt 00:00:24]} Nd7 {[%emt 00:01:19]} 34. Rf1 {[%clk
00:08:24]} Kh8 {[%clk 00:00:43]} {[%emt 00:01:05]} 35. Bxc6 {[%clk 00:08:11]}
{[%emt 00:00:42]} Qc5 {[%clk 00:00:51]} {[%emt 00:00:23]} 36. Qh6 {[%clk
00:08:09]} {[%emt 00:00:33]} Rg8 {[%clk 00:01:14]} {[%emt 00:00:06]} 37. Bxd7
{[%clk 00:08:07]} {[%emt 00:00:32]} Rxd7 {[%clk 00:01:30]} {[%emt 00:00:14]} 38.
g4 {[%clk 00:08:29]} {[%emt 00:00:08]} Qf8 {[%clk 00:01:40]} {[%emt 00:00:20]}
39. Qg5 {[%clk 00:08:28]} {[%emt 00:00:30]} h6 {[%clk 00:00:56]} {[%emt
00:01:15]} 40. Qxa5 {[%clk 00:06:02]} {[%emt 00:02:56]} Kh7 {[%clk 00:01:24]}
{[%emt 00:00:01]} 41. Rh3 {[%clk 00:05:22]} {[%emt 00:01:10]} d3 {[%clk
00:01:36]} {[%emt 00:00:18]} 42. Qd2 {[%clk 00:04:40]} {[%emt 00:01:12]} Rd4
{[%clk 00:01:41]} {[%emt 00:00:25]} 43. Rf4 {[%clk 00:03:07]} {[%emt 00:02:03]}
Rxf4 {[%clk 00:01:17]} {[%emt 00:00:55]} 44. Qxf4 {[%clk 00:03:33]} {[%emt
00:00:04]} Qc5+ {[%clk 00:01:30]} {[%emt 00:00:16]} 45. Kf1 {[%clk 00:03:55]}
{[%emt 00:00:09]} g5 {[%clk 00:01:43]} {[%emt 00:00:16]} 46. Qe4+ {[%clk
00:01:53]} {[%emt 00:02:32]} Rg6 {[%clk 00:02:07]} {[%emt 00:00:06]} 47. Rxd3
{[%clk 00:02:06]} {[%emt 00:00:17]} Qc1+ {[%clk 00:02:26]} {[%emt 00:00:11]} 48.
Kg2 {[%clk 00:02:18]} {[%emt 00:00:17]} Qc2+ {[%clk 00:02:35]} {[%emt
00:00:21]} 49. Kh3 {[%clk 00:02:34]} {[%emt 00:00:14]} Qxa2 {[%clk 00:02:53]}
{[%emt 00:00:13]} 1/2-1/2